| 000 -ლიდერი |
| ფიქსირებული სიგრძის საკონტროლო ველი |
01609nam a2200313Ia 4500 |
| 001 - საკონტროლო ნომერი |
| საკონტროლო ველი |
16306 |
| 003 - საკონტროლო ნომრის იდენტიფიკატორი |
| საკონტროლო ველი |
GE_BSU |
| 005 - ბოლო ოპერაციის თარიღი და დრო |
| საკონტროლო ველი |
20210715174406.0 |
| 008 - ფიქსირებული სიგრძის მონაცემთა ელემენტები - ზოგადი ინფორმაცია |
| ფიქსირებული სიგრძის საკონტროლო ველი |
181216s2004||||ge |||||||||||||| ||geo|| |
| 020 ## - წიგნის საერთაშორისო სტანდარტული ნომერი |
| International Standard Book Number |
ISBN 99928-32-91-6 |
| 040 ## - კატალოგიზაციის წყარო |
| Transcribing agency |
GE_BSU |
| 041 ## - ენის კოდი |
| Language code of text/sound track or separate title |
geo |
| 080 ## - უნივერსალური ათობითი კლასიფიკაციის ინდექსი |
| Universal Decimal Classification number |
343.61 ფ-32 |
| 100 ## - მთავარი ჩანაწერი - პიროვნების სახელი |
| Personal name |
ფაფიაშვილი, შოთა |
| 9 (RLIN) |
3829 |
| 245 ## - ცნობა სათაურის შესახებ |
| Title |
მკვლელობისა და გაუპატიურების გამოძიებისა და გახსნის მეთოდიკის პრობლემები : |
| Remainder of title |
თეორია და პრაქტიკა / |
| Statement of responsibility, etc |
შოთა ფაფიაშვილი ; რედ. : ვ. ბენიძე, მ. ჩიკვილაძე ; მხატვ. გ. ჩიქვინიძე. |
| 264 ## - წარმოების, გამოცემის, დისტრიბუციის და სხვა ცნობები |
| გამოცემის, წარმოების, დისტრიბუციის... ადგილი |
თბილისი : |
| გამოცემის, წარმოების, დისტრიბუციის... სახელწოდება |
მერიდიანი, |
| გამოცემის, წარმოების, დისტრიბუციის... თარიღი |
2004. |
| 300 ## - ფიზიკური აღწერა |
| Extent |
419 გვ. ; |
| Dimensions |
20 სმ |
| 504 ## - BIBLIOGRAPHY, ETC. NOTE |
| Bibliography, etc |
ბიბლიოგრაფია ტექსტის შენიშვნებში |
| 546 ## - LANGUAGE NOTE |
| Language note |
რეზიუმე რუსულ და ინგლისურ ენებზე |
| 653 ## - INDEX TERM--UNCONTROLLED |
| Uncontrolled term |
მკვლელობა |
| 653 ## - INDEX TERM--UNCONTROLLED |
| Uncontrolled term |
გაუპატიურება |
| 653 ## - INDEX TERM--UNCONTROLLED |
| Uncontrolled term |
გამოძიება |
| 653 ## - INDEX TERM--UNCONTROLLED |
| Uncontrolled term |
სამართალი |
| 700 ## - ADDED ENTRY--PERSONAL NAME |
| Personal name |
ბენიძე, ვ. |
| Relator term |
რედაქტორი |
| 9 (RLIN) |
12274 |
| 700 ## - ADDED ENTRY--PERSONAL NAME |
| Personal name |
ჩიკვილაძე, მ. |
| Relator term |
რედაქტორი |
| 9 (RLIN) |
12275 |
| 700 ## - ADDED ENTRY--PERSONAL NAME |
| Personal name |
ჩიქვინიძე, გ. |
| Relator term |
მხატვარი |
| 9 (RLIN) |
12276 |
| 942 ## - ADDED ENTRY ELEMENTS (KOHA) |
| Koha item type |
წიგნი |
| Source of classification or shelving scheme |
|